000 00422nam a22001697a 4500
005 20240312121937.0
008 240312b |||||||| |||| 00| 0 eng d
020 _a9789395685566
041 _aeng
100 _aSILAWAT, Dr. NARENDRA
_98416
245 _aHUMAN ANATOMY & PHYSIOLOGY
250 _a1st. ed.
260 _aMEERUT
_bSHREE SAI PRAKASHAN
_c2023-2024
300 _a360;p
650 _aPHARMACY
942 _cBK
999 _c8512
_d8510